| Tag |
First Indicator |
Second Indicator |
Subfields |
| LEADER |
00000cam a2200000La 4500 |
| 001 |
in00001634821 |
| 005 |
20220105105126.0 |
| 006 |
m u |
| 007 |
cr cn- |
| 008 |
001008s1998 caua sb 001 0 eng d |
| 010 |
|
|
|z 98004119
|
| 020 |
|
|
|a 0585097186 (electronic bk.) :
|c $16.00
|
| 020 |
|
|
|z 1565659406
|
| 035 |
|
|
|a (OCoLC)ocm44965130
|
| 040 |
|
|
|a N$T
|c N$T
|d OCL
|d UtOrBLW
|
| 049 |
|
|
|a IKMN
|
| 050 |
1 |
4 |
|a RC660.4
|b .L639 1998eb
|
| 082 |
0 |
4 |
|a 616.4/62
|2 21
|
| 100 |
1 |
|
|a Lodewick, Peter A.
|0 http://id.loc.gov/authorities/names/n90649725
|
| 245 |
1 |
2 |
|a A diabetic doctor looks at diabetes :
|b his and yours /
|c by Peter A. Lodewick ; foreword by Thomas M. Flood.
|
| 264 |
|
1 |
|a Los Angeles :
|b Lowell House,
|c [1998]
|
| 264 |
|
4 |
|c ©1998
|
| 300 |
|
|
|a xx, 306 pages :
|b illustrations ;
|c 23 cm.
|
| 336 |
|
|
|a text
|b txt
|2 rdacontent
|
| 337 |
|
|
|a computer
|b c
|2 rdamedia
|
| 338 |
|
|
|a online resource
|b cr
|2 rdacarrier
|
| 504 |
|
|
|a Includes bibliographical references (pages 285-290) and index.
|
| 533 |
|
|
|a Electronic reproduction.
|b Boulder, Colo. :
|c NetLibrary,
|d 2000.
|n Available via the World Wide Web.
|n Available in multiple electronic file formats.
|n Access may be limited to NetLibrary affiliated libraries.
|
| 500 |
|
|
|a Electronic resource.
|
| 650 |
|
0 |
|a Diabetes
|v Popular works.
|0 http://id.loc.gov/authorities/subjects/sh2008102240
|
| 655 |
|
7 |
|a Electronic books.
|2 local
|
| 710 |
2 |
|
|a NetLibrary, Inc.
|0 http://id.loc.gov/authorities/names/no99080690
|
| 776 |
1 |
|
|c Original
|w (DLC) 98004119
|w (OCoLC)38959291
|
| 856 |
4 |
1 |
|u https://proxy.library.tamu.edu/login?url=http://www.netLibrary.com/urlapi.asp?action=summary&v=1&bookid=20530
|z Connect to the full text of this electronic book
|t 0
|
| 994 |
|
|
|a 92
|b IKM
|
| 999 |
|
|
|a MARS
|
| 999 |
f |
f |
|s 72960a7c-d9df-35db-9c48-417bb310cd40
|i d52d12ff-348d-328b-b83a-f7f8a64d9139
|t 0
|
| 952 |
f |
f |
|a Texas A&M University
|b College Station
|c Electronic Resources
|d Available Online
|t 0
|e RC660.4 .L639 1998eb
|h Library of Congress classification
|
| 998 |
f |
f |
|a RC660.4 .L639 1998eb
|t 0
|l Available Online
|